000 00942 a2200253 4500
005 20251201120956.0
008 251201b |||||||| |||| 00| 0 eng d
020 _a9781041088691 (hbk)
037 _cTB
040 _aCRL
_cCRL
041 _2eng
_aeng
084 _aY73(P498):(U42) R5
_bCRL
245 _aTibet in excile:
_bpolitics, psychology and culture of the Tibetan diaspora
260 _aLondon, UK;
_aNew York, USA:
_bRoutledge,
_c2025.
300 _axxiii, 216p.
365 _b1295.00
_cINR
650 _aTibetan Diaspora
_9853676
650 _aSociology
_9853677
650 _aEmigration and Immigration
_9853678
700 _aMittal, Shalini
_eeditor.
_9853679
700 _aAnshu, Aditya
_eeditor.
_9853680
942 _cTB
_2CC
_n0
_hY73(P498):(U42) R5
999 _c1435327
_d1435327